| 000 | 00000nam 2200000za 4500 |
| 001 | 9.633688 |
| 003 | CaOODSP |
| 005 | 20210624215439 |
| 007 | cr ||||||||||| |
| 008 | 150407s2002 onc|||||o f|0| 0 fre d |
| 040 | |aCaOODSP|bfre |
| 043 | |an-cn--- |
| 086 | 1 |aR2-207/2002F-PDF |
| 110 | 1 |aCanada.|bAffaires indiennes et du Nord. |
| 245 | 10|aGuide du citoyen sur le pétrole et le gaz dans les Territoires du Nord-Ouest |h[ressource électronique]. |
| 260 | |aOttawa : |bAffaires indiennes et du Nord, |c2002. |
| 300 | |a15 p. : |bill. en couleur, glossaire, photographies. |
| 500 | |aLe n° de catalogue (R2-207/2002F) et ISBN (0-662-86947-8) pour l'édition imprimée ont été incorrectement copiés dans cette édition PDF. |
| 590 | |a07-02-Supp|b2007-04-05 |
| 691 | 07|aPétrole|2gcpds |
| 775 | 08|tA citizen's guide to oil and gas in the Northwest Territories |w(CaOODSP)9.689270 |
| 794 | |tPétrole et gaz - guide du citoyen dans les Territoires du Nord-Ouest |w(CaOODSP)9.633325 |
| 856 | 40|ahttp://publications.gc.ca|qPDF|s629 Ko|uhttps://publications.gc.ca/collections/Collection/R2-207-2002F.pdf |
| 986 | |aQS-Y188-000-FF-A1 |